=LDR 00000nam 2200000 4500 =001 INLIS000000000041310 =005 20130612150842 =008 ***********************************ind** =035 ##$$0010-061300000041310 =041 ##$$a ind =082 ##$$a 301 =090 ##$$a 301, Sai r =100 ##$$a Sairin, Syafri =245 ##$$a Riak-riak pembangunan perspektif antropologi, Prof.Dr.Syafri Sairin MA =260 ##$$a 2010 $b Yogyakarta =300 ##$$a xvi, 466 hlm, 21cm =650 ##$$a Antropologi =850 ##$$a NNT-CD =990 ##$$a 1313613136 =990 ##$$a 31100215